000 00513cab a2200193 4500
001 WB2604-08
008 090401t1990 xxu||||| |||| 00| 0 eng d
035 _a(Sirsi) u61495
041 _aeng
245 _aWeaving a willow pattern
260 _c1990
350 _a0
490 _aSunday Times
_v21/1/90 pE13
520 _aDescribes how to build a natural sound barrier against traffic noise out of willow stems.
650 _aFENCING
690 _aBUILT ENVIRONMENT
942 _n0
948 _c04/03/1997
999 _c38111
_d38111